|
|
|
|
| LEADER |
00000nab a2200000uu 4500 |
| 001 |
vtls011144508 |
| 003 |
SK-MaSNL |
| 005 |
20260303195118.0 |
| 008 |
230218|2008 xo |||||||||||||||||cze| |
| 015 |
|
|
|a SNBRB
|
| 035 |
|
|
|a (urnnbn)urn:nbn:sk:snk:ar-008hw3
|
| 035 |
|
|
|a (uuid)ed6dbb1d-87be-4408-97ee-ae16f86e2279
|
| 035 |
|
|
|a urn:nbn:sk:snk-abavil
|
| 040 |
|
|
|a SNKBUCL
|b slo
|c SNKBUCL
|e AACR2
|
| 041 |
0 |
|
|a cze
|
| 044 |
|
|
|a xo
|c SK
|
| 100 |
1 |
|
|a Kitzlerová, Eva,
|d 1974-
|4 aut
|9 232640
|
| 245 |
1 |
0 |
|a Výsledky podrobného sledování použití omezovacích prostředků během hospitalizace - projekt EUNOMIA, výsledky v ČR
|c E. Kitzlerová, J. Raboch, L. Číhal, L. Kališová
|
| 700 |
1 |
|
|a Raboch, Jiří,
|d 1951-
|4 aut
|9 232639
|
| 700 |
1 |
|
|a Číhal, L.
|4 aut
|9 1227995
|
| 700 |
1 |
|
|a Kališová, L.
|4 aut
|9 1227992
|
| 773 |
0 |
|
|t Česká a slovenská psychiatrie : Časopis české psychiatrické společnosti a slovenskej psychiatrickej spoločnosti
|g Roč. 104, č. 2 (2008), s. 52-58
|
| 954 |
|
|
|a odborná, vedecká literatúra cudzojazyčná (svetová)
|2 lita
|
| 958 |
|
|
|a OND
|
| 958 |
|
|
|a EUIPO
|
| 958 |
|
|
|a article14
|
| 999 |
|
|
|c 2160921
|d 2162851
|